000 00530nam a2200169 4500
008 170421b xxu||||| |||| 00| 0 eng d
020 _a0-534-20502-x
082 _21994
_aDC 301
_bSt2
100 _920009
_aStark, Rodney
245 _aSociology/
_cRodney Stark.
250 _aFifth Edition
260 _aBelmont, California:
_bWadsworth Publishing Co.,
_cc1994.
300 _axxii, 691 pages:
_billustrations;
_c25 cm.
500 _aIncludes bibliographical references and indexes.
650 0 _920010
_aSociology
942 _2ddc
_cDC
999 _c6607
_d6607